000
00177nam a2200073Ia 4500
008
170817s9999 xx 000 0 und d
100
_a
SHARMA RAMA
245
0
_a
GRAH VIGYAN SHIKSHAN
260
_b
GOEL PUB. JAIPUR
999
_c
36483
_d
36483